Bernardo Häring: una nueva teología moral

Saved in:
Bibliografiske detaljer
Hovedforfatter: Schurr, Victor (Author)
Format: Bog
Sprog:spansk
Udgivet: Buenos Aires Guadalupe 1970
Serier:Hombres y sus Ideas, 6
Fag:
Tags: Tilføj Tag
Ingen Tags, Vær først til at tagge denne postø!

MARC

LEADER 00000nam a2200000 a 4500
001 UCZ5327
003 CL-VaPUC
008 951117e19700000AG |||||||||||||||||spa|d
082 0 4 |a 241  |b SCH  |2 21 
100 0 |a Schurr, Victor  |e author  |9 349273 
245 1 0 |a Bernardo Häring: una nueva teología moral 
300 |a 87 p 
942 |c BK 
945 |d 19951117 00:00:00  |a lriquelm 
260 |a Buenos Aires  |b Guadalupe  |c 1970 
600 0 |a Dios  |9 314467 
600 0 7 |a HARING, BERNHARD  |2 CL-VaPUC  |9 349274 
650 0 |a Teología   |9 258766 
650 0 |a Conceptos morales   |9 310606 
650 0 |a Ética  |9 255099 
650 0 |a Responsabilidad  |9 308399 
650 0 |a Creencia Religiosa  |9 316904 
583 |a last modification  |c 19951117 00:00:00  |k Rodrigo Vera 
490 0 |a Hombres y sus Ideas, 6 
999 |c 241645  |d 241643 
952 |0 0  |1 0  |4 0  |6 241_000000000000000_SCH_1970  |7 0  |8 P  |9 254025  |a BIBEDU  |b BIBEDU  |c BIBEDU_PB  |d 2019-11-19  |i 1571559  |o 241 SCH 1970  |p 1571559  |r 2024-01-25  |w 2019-11-19  |y BK  |k FIL